A Model including photoperiod in degree days for estimating Hevea bud growth (Record no. 45953)

MARC details
000 -LEADER
fixed length control field 00393nam a2200133Ia 4500
100 ## - MAIN ENTRY--AUTHOR NAME
Personal name de Lemos Filho JP
245 #2 - TITLE STATEMENT
Title A Model including photoperiod in degree days for estimating Hevea bud growth
260 ## - PUBLICATION, DISTRIBUTION, ETC. (IMPRINT)
Name of publisher International Journal of Biometeorology
Year of publication 1997
300 ## - PHYSICAL DESCRIPTION
Number of Pages 4-Jan
700 ## - ADDED ENTRY--PERSONAL NAME
Personal name Pinto HS
700 ## - ADDED ENTRY--PERSONAL NAME
Personal name Villa Nova NA
942 ## - ADDED ENTRY ELEMENTS (KOHA)
Koha item type Reprints
Holdings
Withdrawn status Lost status Damaged status Not for loan Home library Current library Date acquired Serial Enumeration / chronology Koha item type
      Reprints RRII Library RRII Library 22/12/2021 Volume 41, Issue Reprints